Sports Quiz

Random Sports Quiz

Most ENGLAND Appearances A-Z Quiz Stats

 Plays Quiz not verified by Sporcle

Challenge
Share
Tweet
Embed
Score 0/26 Timer 06:00
0 Plays Today
Surname Initial Player % Correct
XNone
100%
BDavid Beckham (115)
92.8%
GSteven Gerrard (114)
91.5%
LFrank Lampard (106)
89.7%
CAshley Cole (107)
87.6%
SPeter Shilton (125)
84.1%
YAshley Young (40)
83.1%
FRio Ferdinand (81)
78.6%
TJohn Terry (78)
77.7%
OMichael Owen (89)
75.7%
ATony Adams (66)
75%
IPaul Ince (53)
71.8%
JGlen Johnson (54)
71.8%
Surname Initial Player % Correct
MBobby Moore (108)
70.3%
RWayne Rooney (120)
69.5%
ZBobby Zamora, Wilfried Zaha (2)
69.3%
NGary Neville (85)
68.2%
UMatthew Upson (21)
66%
KKevin Keegan (63)
64.7%
WBilly Wright (105)
60.8%
VJamie Vardy (26)
57.7%
HJoe Hart (75)
54.6%
PStuart Pearce (78)
47.4%
DJermain Defoe (57)
43.7%
QAlbert Quixall (5)
18.8%
EGeorge Eastham (19)
13.4%

You're not logged in!

Compare scores with friends on all Sporcle quizzes.
OR
Log In

You Might Also Like...

Show Comments

Extras

Top Quizzes Today


Score Distribution

Your Account Isn't Verified!

In order to create a playlist on Sporcle, you need to verify the email address you used during registration. Go to your Sporcle Settings to finish the process.

Report this User

Report this user for behavior that violates our Community Guidelines.

Details: